Salvador DaliÌ's literary self-portrait : (Record no. 353060)
[ view plain ]
| 000 -LEADER | |
|---|---|
| fixed length control field | 01292 a2200265 4500 |
| 003 - CONTROL NUMBER IDENTIFIER | |
| control field | OSt |
| 005 - DATE AND TIME OF LATEST TRANSACTION | |
| control field | 20180116192354.0 |
| 008 - FIXED-LENGTH DATA ELEMENTS--GENERAL INFORMATION | |
| fixed length control field | 120613t xxu||||| |||| 00| 0 eng d |
| 010 ## - LIBRARY OF CONGRESS CONTROL NUMBER | |
| LC control number | 2008056013 |
| 020 ## - INTERNATIONAL STANDARD BOOK NUMBER | |
| International Standard Book Number | 9780838757239 (alk. paper) |
| 020 ## - INTERNATIONAL STANDARD BOOK NUMBER | |
| International Standard Book Number | 0838757235 (alk. paper) |
| 035 ## - SYSTEM CONTROL NUMBER | |
| System control number | (OCoLC)ocn298324412 |
| 040 ## - CATALOGING SOURCE | |
| Transcribing agency | 0 |
| 082 00 - DEWEY DECIMAL CLASSIFICATION NUMBER | |
| Classification number | 709.2 |
| 100 1# - MAIN ENTRY--PERSONAL NAME | |
| Personal name | GarciÌa de la Rasilla, Carmen, |
| 9 (RLIN) | 4564 |
| 245 10 - TITLE STATEMENT | |
| Title | Salvador DaliÌ's literary self-portrait : |
| Remainder of title | approaches to a surrealist autobiography / |
| Statement of responsibility, etc. | Carmen GarciÌa de la Rasilla ; translated by Fernando GonzaÌlez de LeoÌn. |
| 260 ## - PUBLICATION, DISTRIBUTION, ETC. | |
| Place of publication, distribution, etc. | Lewisburg [Pa.] : |
| Name of publisher, distributor, etc. | Bucknell University Press, |
| Date of publication, distribution, etc. | c2009. |
| 300 ## - PHYSICAL DESCRIPTION | |
| Extent | 196 p. : |
| Other physical details | ill. ; |
| Dimensions | 25 cm. |
| 505 0# - FORMATTED CONTENTS NOTE | |
| Formatted contents note | List of illustrations -- Acknowledgments -- Introduction -- Story of the text -- Literary contexts and sources -- Structure and narrative in DaliÌ's autobiography -- Parodic devices in The secret life -- Ut pictura poesis -- Epilogue -- Notes -- Works cited -- Index. |
| 600 10 - SUBJECT ADDED ENTRY--PERSONAL NAME | |
| Personal name | DaliÌ, Salvador, |
| Dates associated with a name | 1904-1989. |
| Title of a work | Vie secreÌ€te de Salvador DaliÌ. |
| 9 (RLIN) | 4565 |
| 650 10 - SUBJECT ADDED ENTRY--TOPICAL TERM | |
| Topical term or geographic name entry element | Artists |
| Geographic subdivision | Spain |
| General subdivision | History and criticism. |
| 9 (RLIN) | 4566 |
| 650 10 - SUBJECT ADDED ENTRY--TOPICAL TERM | |
| Topical term or geographic name entry element | Autobiography. |
| 9 (RLIN) | 4567 |
| 942 ## - ADDED ENTRY ELEMENTS (KOHA) | |
| Institution code [OBSOLETE] | SADA |
| Koha item type | Book |
| Call number prefix | 709.2 GAR 2009 |
| Source of classification or shelving scheme | |
| 952 ## - LOCATION AND ITEM INFORMATION (KOHA) | |
| -- | BOOK |
| Withdrawn status | Lost status | Source of classification or shelving scheme | Damaged status | Not for loan | Permanent Location | Current Location | Date acquired | Total Checkouts | Total Renewals | Full call number | Barcode | Date last seen | Date last checked out | Cost, replacement price | Price effective from | Koha item type |
|---|---|---|---|---|---|---|---|---|---|---|---|---|---|---|---|---|
| School of Art Design and Architecture (SADA) | School of Art Design and Architecture (SADA) | 06/16/2011 | 3 | 1 | 709.2 GAR 2009 | SADA0001317 | 09/11/2015 | 06/16/2015 | 4434.00 | 08/05/2011 | Book |
